Finance and Development, June 1978.

This paper examines the expanded role for the International Finance Corporation (IFC) with a major capital increase. The paper highlights that for the first time in its history, the IFC is undertaking a major increase of its share capital. In a decision made by its Board of Governors in November 197...

Ամբողջական նկարագրություն

Մատենագիտական մանրամասներ
Համատեղ հեղինակ: International Monetary Fund. External Relations Dept
Ձևաչափ: Ամսագիր
Լեզու:English
Հրապարակվել է: Washington, D.C. : International Monetary Fund, 1978.
Շարք:Finance and Development; Finance and Development ; No. 0015/002
Առցանց հասանելիություն:Full text available on IMF
LEADER 01622cas a2200229 a 4500
001 AALejournalIMF011557
008 230101c9999 xx r poo 0 0eng d
020 |z 9781616353339 
022 |a 0145-1707 
040 |a BD-DhAAL  |c BD-DhAAL 
110 2 |a International Monetary Fund.  |b External Relations Dept. 
245 1 0 |a Finance and Development, June 1978. 
264 1 |a Washington, D.C. :  |b International Monetary Fund,  |c 1978. 
300 |a 1 online resource (48 pages) 
490 1 |a Finance and Development 
500 |a <strong>Off-Campus Access:</strong> No User ID or Password Required 
500 |a <strong>On-Campus Access:</strong> No User ID or Password Required 
506 |a Electronic access restricted to authorized BRAC University faculty, staff and students 
520 3 |a This paper examines the expanded role for the International Finance Corporation (IFC) with a major capital increase. The paper highlights that for the first time in its history, the IFC is undertaking a major increase of its share capital. In a decision made by its Board of Governors in November 1977, the IFC's authorized capital stock has been increased by USD 540 million, from USD 110 million to USD 650 million. Of the increase, USD 480 million has been allocated for subscription by current member countries. More than USD 165 million has already been subscribed and USD 33 million paid. 
538 |a Mode of access: Internet 
830 0 |a Finance and Development; Finance and Development ;  |v No. 0015/002 
856 4 0 |z Full text available on IMF  |u http://elibrary.imf.org/view/journals/022/0015/002/022.0015.issue-002-en.xml  |z IMF e-Library